<?xml version="1.0" encoding="UTF-8"?><?xml-stylesheet type="text/xsl" href="static/style.xsl"?><OAI-PMH xmlns="http://www.openarchives.org/OAI/2.0/" xmlns:xsi="http://www.w3.org/2001/XMLSchema-instance" xsi:schemaLocation="http://www.openarchives.org/OAI/2.0/ http://www.openarchives.org/OAI/2.0/OAI-PMH.xsd"><responseDate>2026-04-17T03:14:49Z</responseDate><request verb="GetRecord" identifier="oai:www.recercat.cat:10459.1/465919" metadataPrefix="marc">https://recercat.cat/oai/request</request><GetRecord><record><header><identifier>oai:recercat.cat:10459.1/465919</identifier><datestamp>2025-09-15T18:51:24Z</datestamp><setSpec>com_2072_3622</setSpec><setSpec>col_2072_479130</setSpec></header><metadata><record xmlns="http://www.loc.gov/MARC21/slim" xmlns:dcterms="http://purl.org/dc/terms/" xmlns:xsi="http://www.w3.org/2001/XMLSchema-instance" xmlns:doc="http://www.lyncode.com/xoai" xsi:schemaLocation="http://www.loc.gov/MARC21/slim http://www.loc.gov/standards/marcxml/schema/MARC21slim.xsd">
   <leader>00925njm 22002777a 4500</leader>
   <datafield ind2=" " ind1=" " tag="042">
      <subfield code="a">dc</subfield>
   </datafield>
   <datafield ind2=" " ind1=" " tag="720">
      <subfield code="a">Guerra-Martín, María Dolores</subfield>
      <subfield code="e">author</subfield>
   </datafield>
   <datafield ind2=" " ind1=" " tag="720">
      <subfield code="a">Nabal Vicuña, Maria</subfield>
      <subfield code="e">author</subfield>
   </datafield>
   <datafield ind2=" " ind1=" " tag="720">
      <subfield code="a">Herrera Molina, Emilio</subfield>
      <subfield code="e">author</subfield>
   </datafield>
   <datafield ind2=" " ind1=" " tag="720">
      <subfield code="a">Rodríguez Álvarez-Ossorio, Zacarías</subfield>
      <subfield code="e">author</subfield>
   </datafield>
   <datafield ind2=" " ind1=" " tag="720">
      <subfield code="a">Lucas Díaz, Miguel Ángel</subfield>
      <subfield code="e">author</subfield>
   </datafield>
   <datafield ind2=" " ind1=" " tag="720">
      <subfield code="a">Pérez-Solano Vázquez, María Jesús</subfield>
      <subfield code="e">author</subfield>
   </datafield>
   <datafield ind2=" " ind1=" " tag="720">
      <subfield code="a">Librada Flores, Silvia</subfield>
      <subfield code="e">author</subfield>
   </datafield>
   <datafield ind2=" " ind1=" " tag="260">
      <subfield code="c">2023</subfield>
   </datafield>
   <datafield ind2=" " ind1=" " tag="520">
      <subfield code="a">Abstract: Objectives: To evaluate, in a Compassionate City pilot experience (Sevilla), the impact results on health in a population of people with advanced illness and at the end of life. 
Methods: The project was undertaken in Sevilla, Spain, between January 2019 and June 2020. A longitudinal, descriptive study was conducted using a longitudinal cohort design with two cross-sectional mea surements, pre and post intervention. All patients who entered the program on the start date were included. The networks of care around people with advanced illness and at the end of life, palliative care needs, quality of life, loneliness, anxiety, depression, caregivers’ burden and family satisfaction
were evaluated. The interventions were conducted by community promoters assigned to the “Sevilla Contigo, Compassionate City” program. 
Results: A total of 83 people were included in the program. The average number of people involved in care at the beginning of the evaluations was 3.6, increasing to 6.1 at the end of the interventions. The average number of needs detected at the beginning was 15.58, and at the end of interventions, it was 16.56 out of 25. The unmet needs were those related to last wishes (40.7%), emotional relief (18.5%), entertainment (16%), help to walk up and down stairs (8.6%) and help to walk (6.2%). A total of 54.2% showed improved loneliness in the final evaluation. Out of 26 people evaluated for pre and post quality of life, 7 (26.9%) improved their quality of life in the general evaluation and 5 (19.2%) displayed improved anxiety/depression. A total of 6 people
(28.6%) improved their quality-of-life thermometer scores. A total of 57.7% of caregivers improved their burden with a mean score of 17.8.</subfield>
   </datafield>
   <datafield tag="653" ind2=" " ind1=" ">
      <subfield code="a">Community networks</subfield>
   </datafield>
   <datafield tag="653" ind2=" " ind1=" ">
      <subfield code="a">Palliative care</subfield>
   </datafield>
   <datafield tag="653" ind2=" " ind1=" ">
      <subfield code="a">Quality of life</subfield>
   </datafield>
   <datafield tag="653" ind2=" " ind1=" ">
      <subfield code="a">Public health needs assessment</subfield>
   </datafield>
   <datafield ind2="0" ind1="0" tag="245">
      <subfield code="a">“Compassionate City” in Patients with Advanced Illnesses and at the End of Life: A Pilot Study</subfield>
   </datafield>
</record></metadata></record></GetRecord></OAI-PMH>